000 00798nam a22002297a 4500
999 _c15880
_d15880
005 20260622100141.0
008 180607s2005 nyua|||fr|||| 00| 0 eng d
020 _a9211282977
040 _aEG-INP
_cEG-INP
_beng
082 0 4 _221
_a309.1
_bt o
110 2 _aEconomic and social commission for western asia.
245 1 0 _aTowards integrated social policies in Arab countries :
_cEconomic and social commission for western asia, United Nations.
_bframework and comparative analysis /
260 _aNew york :
_bunited nations,
_c2005.
300 _a97 p. ;
_c23 cm.
650 0 _asocial policy.
_93025
650 0 4 _asocial policies
_zArab countries.
650 0 _aEconomic planning.
_9900
650 0 _aSocial development.
_94265
901 _aEGPV2
903 _aoriginal
942 _2ddc
_cIO